|
|
|
|
| LEADER |
00000cam a2200000 i 4500 |
| 001 |
1/2481 |
| 008 |
091216s2005 fre d |
| 020 |
|
|
|a 2-227-47268-5 (pbk.)
|
| 035 |
|
|
|l 10106024
|
| 040 |
|
|
|a GR-MY-UA
|b gre
|e aacr
|
| 041 |
0 |
|
|a fre
|
| 082 |
0 |
|
|a 940.5344
|2 (22)
|
| 100 |
1 |
|
|a Farge, Arlette.
|
| 245 |
1 |
4 |
|a Les mots pour resister :
|b voyage de notre vocabulaire politique de la Resistance a aujourd' hui /
|c Arlete Farge, Michel Chaumont
|
| 260 |
|
|
|a Paris :
|b Bayard,
|c c2005
|
| 300 |
|
|
|a 209 σ.;
|c 21 εκ.
|
| 504 |
|
|
|a Περιέχει βιβλιογραφικές παραπομπές
|
| 650 |
0 |
0 |
|a World War, 1939-1945
|x Underground movements
|z France.
|
| 650 |
0 |
0 |
|a World War, 1939-1945
|x Propaganda.
|
| 650 |
0 |
0 |
|a World War, 1939-1945
|x Literature and the war.
|
| 650 |
0 |
0 |
|a French language
|x Political aspects.
|
| 651 |
|
0 |
|a France
|x History
|y German occupation, 1940-1945.
|
| 700 |
1 |
|
|a Chaumont, Michel.
|
| 852 |
|
|
|a INST
|b LESVOS
|e 20091216
|h 940.5344 FAR
|p 005100045891
|q 005100045891
|t BK
|y 0
|
| 901 |
|
|
|a BIBL1-2009-4
|
| 909 |
|
|
|a Λ
|b 160013
|
| 970 |
|
|
|a ΚΑΡΑ
|b ΓΙΑΣΕΜΗ
|z 2009/12/16
|